Science Quiz

Random Science or Animal Quiz

Click the Apex Predators Quiz Stats

 Plays Quiz Updated Sep 30, 2018

Score 0/20 Timer 04:00
7 Plays Today
% Correct
Polar bear
95%
Black bear
94.3%
Tiger
93.6%
Lion
93.6%
Gray wolf
93.5%
Komodo dragon
93.3%
Brown bear
91.5%
Spotted hyena
90%
Snow leopard
89.9%
Cheetah
89.1%
% Correct
Tasmanian devil
88.6%
Green anaconda
87.7%
Honey badger
81.8%
Jaguar
81.3%
Boa constrictor
77.9%
Eurasian lynx
77.7%
Fossa
76.4%
Maned wolf
75.3%
Cougar
73.3%
Wolverine
70.9%

You're not logged in!

Compare scores with friends on all Sporcle quizzes.
OR
Log In

Sporcle TV

Today on Sporcle TV


Watch our educational content, quiz creation guides, and fun videos on Sporcle TV.

Show Comments

Extras

Top Quizzes Today


Score Distribution

Your Account Isn't Verified!

In order to create a playlist on Sporcle, you need to verify the email address you used during registration. Go to your Sporcle Settings to finish the process.

Report this User

Report this user for behavior that violates our Community Guidelines.

Details: